| 000 | 00584cam a2200217 4500 | ||
|---|---|---|---|
| 001 | B3312 | ||
| 008 | 090401t1990 xxu||||| |||| 00| 0 eng d | ||
| 035 | _a(Sirsi) u55252 | ||
| 041 | _aeng | ||
| 050 | _a692.5071168 | ||
| 100 | _aBoaden, Bruce | ||
| 245 | 4 | _aThe need to re-assess university education in building management and quantity surveying | |
| 260 |
_aCape Town _bUniversity of Cape Town _c1990 |
||
| 300 | _a(12) leaves ; 30cm. | ||
| 350 | _a0 | ||
| 650 | _aSOUTH AFRICA | ||
| 650 | _aUNIVERSITIES | ||
| 700 | _aStevens, Alan | ||
| 942 | _n0 | ||
| 948 | _c04/03/1997 | ||
| 999 |
_c93585 _d93585 |
||